Languages by First and Last Letter - Statistics

General Stats
  • This quiz has been taken 82 times
    57 since last reset
  • The average score is 7 of 15
Answer Stats
Language % Correct
E{NGLIS}H
82%
G{REE}K
82%
H{IND}I
69%
T{HA}I
69%
C{ZEC}H
63%
Y{IDDIS}H
57%
V{IETNAMES}E
55%
X{HOS}A
55%
A{ZERBAIJAN}I
35%
G{UJARAT}I
33%
L{UXEMBOURGIS}H
33%
F{ILIPIN}O
24%
H{MON}G
24%
S{COTTIS}H G{AELI}C
22%
A{FRIKAAN}S
20%
No matching quizzes found
Score Distribution
Percent of People with Each Score
Percentile by Number Answered
Your Score History
You have not taken this quiz since the last reset